000 00575nam a2200169 i 4500
001 54989
003 ES-MaACL
005 20230906163048.0
007 t|
008 030910s1962 sp ||||1| spa d
110 2 _aDelegacion Permanente del Gobierno Pro Reparacion de Daños en Valencia.
_93373
245 1 4 _aLas inundaciones del Valencia de 1957 /
_cmemoria oficial de la Delegación Permanente del Gobierno.
260 _aValencia :
_b[s.n.],
_c1962.
300 _a253 p. ;
_c24 cm.
650 4 _aInundaciones-
_zValencia.
_9159696
852 _aES-MaACL
_jC-23583
_bR.50556
999 _c54989
_d54989